Buscando a Bosch / (Registro nro. 13860)

Detalles MARC
000 -LEADER
fixed length control field 00911nam a2200277 a 4500
001 - CONTROL NUMBER
control field
003 - CONTROL NUMBER IDENTIFIER
control field OSt
005 - DATE AND TIME OF LATEST TRANSACTION
control field 20211109091618.0
008 - FIXED-LENGTH DATA ELEMENTS--GENERAL INFORMATION
fixed length control field 110323s2001 dr 001 0dspa d
040 ## - CATALOGING SOURCE
Original cataloging agency DO-SdBNP
Language of cataloging spa
Transcribing agency BPMSU
082 ## - DEWEY DECIMAL CLASSIFICATION NUMBER
Classification number 320.97293054
Item number G324b, 2001
Edition number 2001
100 1# - MAIN ENTRY--PERSONAL NAME
Personal name Genao, Altagracia
245 10 - TITLE STATEMENT
Title Buscando a Bosch /
Statement of responsibility, etc. Altagracia Genao, Tony del Villar.
250 ## - EDITION STATEMENT
Edition statement 2ª ed.
260 ## - PUBLICATION, DISTRIBUTION, ETC. (IMPRINT)
Place of publication, distribution, etc. Santo Domingo :
Name of publisher, distributor, etc. Gráfica Marie,
Date of publication, distribution, etc. 2001.
300 ## - PHYSICAL DESCRIPTION
Extent 74 p. ;
Dimensions 21 cm.
500 ## - GENERAL NOTE
General note Incluye datos biográficos de la autora en la solapa de la cubierta.
590 ## - LOCAL NOTE (RLIN)
Local note Inventariado, 2021/VM
600 10 - SUBJECT ADDED ENTRY--PERSONAL NAME
Personal name Bosch, Juan,
Dates associated with a name 1909-2001
9 (RLIN) 1
650 #4 - SUBJECT ADDED ENTRY--TOPICAL TERM
Topical term or geographic name as entry element Partido de la Liberación Dominicana
General subdivision Historia
650 #4 - SUBJECT ADDED ENTRY--TOPICAL TERM
Topical term or geographic name as entry element Partidos políticos
Geographic subdivision República Dominicana
651 #4 - SUBJECT ADDED ENTRY--GEOGRAPHIC NAME
Geographic name República Dominicana
General subdivision Política y Gobierno
Chronological subdivision 1961-
700 1# - ADDED ENTRY--PERSONAL NAME
Personal name Villar, Tony del
910 ## - USER-OPTION DATA (OCLC)
User-option data VMateo V.
942 ## - ADDED ENTRY ELEMENTS (KOHA)
Source of classification or shelving scheme Dewey Decimal Classification
Koha item type Libros
Existencias
Withdrawn status Lost status Source of classification or shelving scheme Damaged status Not for loan Collection code Home library Current library Date acquired Source of acquisition Full call number Barcode Date last seen Price effective from Koha item type Copy number
    Dewey Decimal Classification     Colección Dominicana Biblioteca Pública Metropolitana Salomé Ureña Biblioteca Pública Metropolitana Salomé Ureña 11/09/2021 Fundacón Juan Bosch BPMSU CD 320.97293054 G324b 2001 BPMSU21110068 11/09/2021 11/09/2021 Libros  
    Dewey Decimal Classification     Colección Dominicana Biblioteca Pública Metropolitana Salomé Ureña Biblioteca Pública Metropolitana Salomé Ureña 11/09/2021 Fundacón Juan Bosch BPMSU CD 320.97293 G324b 2001 BPMSU21110069 11/09/2021 11/09/2021 Libros e.2